Conwy Valley line stations - Statistics

General Stats
  • This quiz has been taken 26 times
  • The average score is 8 of 13
Answer Stats
Answer % Correct
Llandudno
100%
Llandudno Junction
94%
Deganwy
75%
Blaenau Ffestiniog
69%
Glan Conwy
69%
Betws-y-Coed
63%
Dolwyddelan
56%
Dolgarrog
50%
Llanrwst
50%
Roman Bridge
50%
Pont-y-Pant
44%
Tal-y-Cafn
44%
North Llanrwst
38%
No matching quizzes found
Score Distribution
Percent of People with Each Score
Percentile by Number Answered
Your Score History
You have not taken this quiz